Personnages "militaires" de fiction - Statistiques

Statistiques générales
  • Ce quiz a été pris 1 017 fois
  • Le résultat moyen est 8 sur 18
Statistiques - réponses
Indice Réponse % Correct
Ennemi de Peter Pan Capitaine {Crochet}
98%
Héros de Pirates des Caraïbes Capitaine {Jack} {Sparrow}
84%
Il faut le sauver Soldat {Ryan}
83%
"Mille milliards de mille sabords" Capitaine {Haddock}
82%
Avec le chandelier dans la cuisine Colonel {Moutarde}
73%
Il n'est pas de notre galaxie Capitaine {Flam}
63%
A voyagé 20 000 lieues sous les mers Capitaine {Nemo}
60%
Ami de Zorro Sergent {Garcia}
56%
Directeur du S.H.I.E.L.D Colonel {Nick} {Fury}
46%
Dirige aujourd'hui un restaurant à Bikini Bottom Capitaine {Krabs}
38%
Gendarme de Saint-Tropez Maréchal des Logis-chef {Ludovic} {Cruchot}
27%
Ami de Philippe Mortimer Capitaine {Francis} {Blake}
25%
Il a été dictateur de San Théodoros Général {Alcazar}
16%
Chef des soldats Tassin et Pithivier Sergent-chef {Chaudard}
15%
A pour supérieur le Sergent Chesterfield Caporal {Blutch}
13%
Protagoniste principal de la série Mass Effect Commandant {Shepard}
10%
Baron de Sigognac Capitaine {Fracasse}
6%
Terrorise Francis dans Malcolm Commandant {Spangler}
6%
Aucun quiz correspondant
Distribution des résultats
% des personnes avec chaque résultat
Percentile par nombre de réponses
Votre historique - résultats
Vous n’avez pas pris ce quiz